The Brainrot Quiz - Statistics

General Stats
  • This quiz has been taken 231 times
  • The average score is 17 of 38
Answer Stats
Hint Answer % Correct
a singing human-headed toilet skibidi toilet
98%
oral posture training exercise to improve jaw and facial structure mewing
96%
ability to pick up and attract women (/men), (short for charisma) rizz
64%
talking and talking and talking yapping
61%
what you say when stealing a piece of a friend's food fanum tax
60%
purple drink from McDonald's grimace shake
60%
strong, charming, assertive and confident man who is self-reliant, highly independent. a lone wolf sigma
60%
a big buttocks gyat
57%
basketball player associated with the song 'you are my sunshine' lebron james
57%
three-letter word infamous from Among Us sus
57%
fat version of Bugs Bunny big chungus
54%
artist of the song 'think you the shi (fart)' ice spice
54%
the weirdest US state ohio
54%
fat streamer caseoh
52%
who got rizzed up by baby gronk? livvy dunne
51%
name of the party which featured 'carnival' by kanye west tiktok rizz party
51%
increasing sexual stimulation and then stopping just before finishing edging
50%
the top g andrew tate
48%
a virtual pig influencer john pork
48%
twitch streamer from new york, part of AMP, who often features celebrities on his streams (including 21 savage, nicki minaj, ice spice, lil baby) kai cenat
48%
a non unique person with no individuality npc
46%
done for cooked
44%
kumalala's friend savesta
43%
the process of working on improving your physical appearance looksmaxxing
42%
if i look better than the person beside me, i am _______ them mogging
41%
a type of massage technique for your wood used to increase length/girth jelqing
39%
who schlawg pays bill collector
34%
the angle of the eyes if a line were drawn connecting the outer corner of each eye canthal tilt
34%
a person who practices a form of self-pleasure that involves edging for a long period of time, causing a hypnotic, trance-like state gooner
28%
the goofy name shown on the photo of a PC login screen on a school computer quandale dingle
28%
girl version of the main character of the party named above red dress girl
28%
a question frequently asked by streamers to their viewers (or normal people to their friends) when shown something they don't understand chat is this real
27%
I NEED A _______ __😭😭😭 therian gf
25%
the main character of the party named above. the 'blue tie' kid group leader
21%
what did George Harris SR say to the new Google phone? Hi
17%
what the fish says while jumping out of its tank full of fish into an empty one im nothing like yall
16%
the poorly drawn version of the normal difficulty of what game rose to fame from a tweet geometry dash
15%
Hi doctor. What is this? Please tell me paracetamol
15%
No matching quizzes found
Score Distribution
Percent of People with Each Score
Percentile by Number Answered
Your Score History
You have not taken this quiz